00409nam a22001337a 4500003000400000005001700004008004100021040000800062082001600070100002200086245007900108260007000187650001800257OSt20181204191014.0181204b ||||| |||| 00| 0 eng d cDLC a269.2bK38E aKennedy, James D. aEvangelism Explosion :bLearning Kit /cD. James Kennesdy, Archie Parrish. aLauderdale, Florida :bD. James Kennesdy, Archie Parrish,cc1973. xLearning Kit.